Philippine nursing act 2002: (Record no. 4136)

MARC details
000 -LEADER
fixed length control field 00642nam a22001937a 4500
003 - CONTROL NUMBER IDENTIFIER
control field OSt
005 - DATE AND TIME OF LATEST TRANSACTION
control field 20250822014931.0
008 - FIXED-LENGTH DATA ELEMENTS--GENERAL INFORMATION
fixed length control field 250822b |||||||| |||| 00| 0 eng d
020 ## - INTERNATIONAL STANDARD BOOK NUMBER
International Standard Book Number 971-27-1447-0.
040 ## - CATALOGING SOURCE
Transcribing agency OC
082 ## - DEWEY DECIMAL CLASSIFICATION NUMBER
Classification number Fil. 344.59904 B175p 2004
100 ## - MAIN ENTRY--PERSONAL NAME
Personal name Baldago, L.A.
245 ## - TITLE STATEMENT
Title Philippine nursing act 2002:
Remainder of title annotated
260 ## - PUBLICATION, DISTRIBUTION, ETC.
Place of publication, distribution, etc. Pasig City, Philippines:
Name of publisher, distributor, etc. Anvil Pub., Inc.,
Date of publication, distribution, etc. c2004.
300 ## - PHYSICAL DESCRIPTION
Extent 170 pages ;
Dimensions 25 cm.
504 ## - BIBLIOGRAPHY, ETC. NOTE
Bibliography, etc. note Includes bibliographies.
650 ## - SUBJECT ADDED ENTRY--TOPICAL TERM
Source of heading or term Nursing - Law and Legislation - Philippines.
942 ## - ADDED ENTRY ELEMENTS (KOHA)
Source of classification or shelving scheme Dewey Decimal Classification
Koha item type Book-Filipiniana
Classification part Fil. 344.59904 B175p 2004
Call number prefix Fil.
Suppress in OPAC No
952 ## - LOCATION AND ITEM INFORMATION (KOHA)
--
952 ## - LOCATION AND ITEM INFORMATION (KOHA)
--
952 ## - LOCATION AND ITEM INFORMATION (KOHA)
--
Holdings
Withdrawn status Lost status Source of classification or shelving scheme Damaged status Not for loan Home library Current library Shelving location Date acquired Source of acquisition Total Checkouts Full call number Barcode Date last seen Copy number Price effective from Koha item type Uniform Resource Identifier
    Dewey Decimal Classification     HM & Nursing Library HM & Nursing Library Filipiniana 09/06/2004 School Fund   Fil. 344.59904 B175p 2004 CL41051 08/22/2025 c3 08/22/2025 BK - FIL
    Dewey Decimal Classification     HM & Nursing Library HM & Nursing Library Filipiniana 09/06/2004 School Fund   Fil. 344.59904 B175p 2004 CL41050 08/22/2025 c2 08/22/2025 BK - FIL
    Dewey Decimal Classification     HM & Nursing Library HM & Nursing Library Filipiniana 09/06/2004 School Fund   Fil. 344.59904 B175p 2004 CL41049 08/22/2025 c1 08/22/2025 BK - FIL